00000000nam 2200000zi 4500
0019.944237
003CaOODSP
00520250110131717
006m     o  d f      
007cr cn|||||||||
008241018t20242024quca    ob   f000 0 eng d
020 |a9780660740669
040 |aCaOODSP|beng|erda|cCaOODSP
043 |an-cn-on
0861 |aTU3-10/23-0105E-PDF
1102 |aTransportation Safety Board of Canada.|eauthor, |eissuing body.
24510|aRunway overrun, North Star Air Ltd., Pilatus Aircraft Ltd. PC-12/45, C-GEOW, Kasabonika Airport (CYAQ), Ontario, 21 November 2023.
264 1|aGatineau QC : |bTransportation Safety Board of Canada = Bureau de la sécurité des transports du Canada, |c2024.
264 4|c©2024
300 |a1 online resource (10 pages) : |bcolour illustrations.
336 |atext|btxt|2rdacontent
337 |acomputer|bc|2rdamedia
338 |aonline resource|bcr|2rdacarrier
4901 |aAir transportation safety investigation report ; |vA23C0105
500 |aCover title.
500 |a"Released 05 November 2024."
500 |aIssued also in French under title: Sortie en bout de piste, North Star Air Ltd., Pilatus Aircraft Ltd. PC-12/45, C-GEOW, Aéroport de Kasabonika (CYAQ) (Ontario), 21 novembre 2023.
504 |aIncludes bibliographical references.
650 0|aAircraft accidents|xInvestigation|zOntario.
77508|tSortie en bout de piste, North Star Air Ltd., Pilatus Aircraft Ltd. PC-12/45, C-GEOW, Aéroport de Kasabonika (CYAQ) (Ontario), 21 novembre 2023.|w(CaOODSP)9.944238
830#0|aAir transportation safety investigation brief ;|vA23C0105.|w(CaOODSP)9.845270
85640|qPDF|sMB|uhttps://publications.gc.ca/collections/collection_2025/bst-tsb/TU3-10-23-0105-eng.pdf
8564 |qHTML|sN/A|uhttps://www.bst-tsb.gc.ca/eng/rapports-reports/aviation/2023/a23c0105/a23c0105.html